أحكام الجنسية في القانون الدولي والقانون المصري المقارن / (Record no. 23657)
[ view plain ]
| 000 -الفاتح | |
|---|---|
| حقل البيانات ثابتة الطول | 03040nam a22003015a 4500 |
| 003 - محدد رقم الضبط | |
| رقم الضبط | OSt |
| 005 - وقت وتاريخ اخر تعامل مع التسجيلة | |
| رقم الضبط | 20170221122019.0 |
| 008 - عناصر البيانات ثابتة الطول - معلومات عامة | |
| حقل البيانات ثابتة الطول | 161220s2011 ua frb 000 0 ara d |
| 015 ## - | |
| -- | 2009/2142 |
| 020 ## - الرقم الدولى المعيارى للكتب | |
| الرقم الدولى المعيارى للكتاب | 9789770459285 |
| 040 ## - مصدر الفهرسة | |
| وكالة الفهرسة الأصلية | EG-ScBUE |
| لغة الفهرسة | ara |
| وكالة النسخ | EG-ScBUE |
| 043 ## - رمز المنطقة الجغرافية | |
| رمز المنطقة الجغرافية | f-ua--- |
| 082 04 - رقم تصنيف ديوى العشرى | |
| رقم التصنيف | 342.62083 |
| رقم المادة | ز م ز |
| رقم الطبعة | 22 |
| 100 1# - المدخل الرئيسى - إسم شخصى | |
| الإسم الشخصى | زمزم، عبد المنعم. |
| 245 10 - بيان العنوان | |
| العنوان | أحكام الجنسية في القانون الدولي والقانون المصري المقارن / |
| بيان المسئوليه,etc | عبد المنعم زمزم. |
| 260 ## - PUBLICATION, DISTRIBUTION, ETC. (IMPRINT) | |
| مكان الناشر او الموزع | القاهرة : |
| اسم الناشر او الموزع | دار النهضة العربية، |
| تاريخ النشر أو التوزيع | 2011. |
| 300 ## - الوصف المادى | |
| التعداد | 501 ص. ؛ |
| أبعاد الوعاء | 24 سم. |
| 504 ## - تبصرة ببليوجرافية | |
| تبصرة ببليوجرافية,الخ | يشتمل على إرجاعات ببليوجرافية. |
| 505 0# - تبصرة محتويات-الفهرس | |
| تبصرة المحتويات المصاغة | ماهية الجنسية - مركز قانون الجنسية بين فروع القانون - الجنسية الأصيلة في القانون الدولي : حق الدم - حق الإقليم - الجنسية الأصيلة في القانون المصري : حق الدم من ناحية الأبوين - تحديد المصريين الأصول - أبناء الأم المصرية المولودون قبل 15 يوليو 2004 : تجنس من نوع خاص - اكتساب الجنسية الطارئة : التجنس العادي - التجنس المطلق من الشروط - الميلاد المدعم بالإقامة - الميلاد المضاعف - الزواج المختلط - الضم والاندماج واستقلال الإقليم - فقد الجنسية : تغيير الجنسية - المصريون في المهجر - التجريد من الجنسية - سحب الجنسية - إسقاط الجنسية - إسقاط الجنسية عن المصري المتزوج من إسرائيلية واجب دستوري - العودة إلى الجنسية : الاسترداد الوجوبي - الاسترداد الجوازي - رد الجنسية : رد الجنسية بواسطة رئيس الجمهورية - رد الجنسية بواسطة وزير الداخلية - رد الجنسية للمهاجر هجرة دائمة - مشكلات الجنسية : ازدواج الجنسية - انعدام الجنسية - منازعات الجنسية : الاختصاص القضائي بمنازعات الجنسية - إثبات الجنسية : عبء الإثبات - الحالة الظاهرة - شهادة الجنسية - حجية الأحكام الصادرة في مسائل الجنسية - الجنسية في الشريعة الإسلامية - هل الإسلام دين وجنسية ؟ - جنسية الأشخاص الاعتبارية. |
| 650 #7 - المدخل الاضافى بالموضوع-مصطلح موضوعى | |
| مصطلح موضوعي أو اسم جغرافي كعنصر مدخل | الجنسية |
| التقسيم الفرعي العام | قوانين وتشريعات |
| التقسيم الفرعي الجغرافي | مصر. |
| مصدر الرأس أو المصطلح | BUEsh |
| 650 #7 - المدخل الاضافى بالموضوع-مصطلح موضوعى | |
| مصطلح موضوعي أو اسم جغرافي كعنصر مدخل | المواطنة |
| التقسيم الفرعي العام | قوانين وتشريعات |
| التقسيم الفرعي الجغرافي | مصر. |
| مصدر الرأس أو المصطلح | BUEsh |
| 650 #7 - المدخل الاضافى بالموضوع-مصطلح موضوعى | |
| مصطلح موضوعي أو اسم جغرافي كعنصر مدخل | الأجانب |
| التقسيم الفرعي العام | وضع قانوني، قوانين، إلخ. |
| التقسيم الفرعي الجغرافي | مصر. |
| مصدر الرأس أو المصطلح | BUEsh |
| 650 #7 - المدخل الاضافى بالموضوع-مصطلح موضوعى | |
| مصطلح موضوعي أو اسم جغرافي كعنصر مدخل | الجنسية (قانون دولي) |
| مصدر الرأس أو المصطلح | BUEsh |
| 650 #7 - المدخل الاضافى بالموضوع-مصطلح موضوعى | |
| مصطلح موضوعي أو اسم جغرافي كعنصر مدخل | الجنسية (فقه إسلامي) |
| مصدر الرأس أو المصطلح | BUEsh |
| 651 ## - المدخل الاضافى بالموضوع - اسم جغرافى | |
| مصدر الرأس أو المصطلح | BUEsh |
| 653 ## - مصطلح تكشيفى غير مقيد | |
| Resource For college | Law |
| Arrived date list | December2016 |
| 942 ## - عناصر المدخل الإضافي( كوها) | |
| مصدر التصنيف او مخطط الترفيف | Dewey Decimal Classification |
| حالة التراجع | حالة الفقد | مصدر التصنيف او خطة الترفيف | تحديد مواد ( مجلدات مجمعه أو جزء أخر) | حالة تلف | ليس للاعارة | مجموعات كوها | المكان الدائم | المكان الحالي | موقع الترفيف | تاريخ الاكتساب | Source of acquisition | سعر الشراء الطبيعي | تعداد مسلسل / التسلسل الزمني | رقم الاستدعاء | الباركود | Date last seen | مُعار | التكلفة | نوع الوعاء | Date last checked out |
|---|---|---|---|---|---|---|---|---|---|---|---|---|---|---|---|---|---|---|---|---|
| Lost | Dewey Decimal Classification | Lost_In_Inventory_12-2-2024 | دار النهضة العربية | Central Library | Central Library | First floor | 20/12/2016 | Purchase | 85.00 | 2815 | 342.62083 ز م ز | 000040539 | 04/12/2022 | 16/04/2022 | 106.25 | Book - Borrowing | ||||
| Dewey Decimal Classification | دار النهضة العربية | Central Library | Central Library | First floor | 21/02/2017 | Purchase | 85.00 | 2815 | 342.62083 ز م ز | 000041192 | 09/02/2023 | 09/02/2023 | 106.25 | Book - Borrowing | 20/03/2024 |